Manual of Army Health vol 2 (Record no. 544505)

000 -LEADER
fixed length control field 00389nam a22001457a 4500
082 ## - DEWEY DECIMAL CLASSIFICATION NUMBER
Classification number 613.63
Author Mark MAN
-- L-32,P-27
245 ## - TITLE STATEMENT
Title Manual of Army Health vol 2
260 ## - PUBLICATION, DISTRIBUTION, ETC.
Place of publication, distribution, etc. Rawalpindi.:
300 ## - PHYSICAL DESCRIPTION
Extent 1085 p.
526 ## - STUDY PROGRAM INFORMATION NOTE
Program name 0
Interest level 0
Reading level 0
Title point value 613_630000000000000_MAN
526 ## - STUDY PROGRAM INFORMATION NOTE
Program name 0
Interest level 0
Reading level 0
Title point value 613_630000000000000_MAN
526 ## - STUDY PROGRAM INFORMATION NOTE
Program name 0
Interest level 0
Reading level 0
Title point value 613_630000000000000_MAN
650 ## - SUBJECT ADDED ENTRY--TOPICAL TERM
Topical term or geographic name entry element MCE
9 (RLIN) 379
942 ## - ADDED ENTRY ELEMENTS (KOHA)
Source of classification or shelving scheme
Koha item type Book
Holdings
Withdrawn status Lost status Source of classification or shelving scheme Damaged status Not for loan Permanent Location Current Location Date acquired Total Checkouts Full call number Barcode Date last seen Price effective from Koha item type Public note
          Military College of Engineering (MCE) Military College of Engineering (MCE) 05/07/2014   613.63 MAN MCE-5329 05/07/2014 05/07/2014 Book  
          Military College of Engineering (MCE) Military College of Engineering (MCE) 05/07/2014   613.63 MAN MCE-5328 05/07/2014 03/14/2021 Book  
          Military College of Engineering (MCE) Military College of Engineering (MCE) 05/07/2014   613.63 MAN MCE-5326 05/07/2014 05/07/2014 Book v-1
© 2023 Central Library, National University of Sciences and Technology. All Rights Reserved.